Statistics for I Am The Walrus Lyrics

Click here to take the quiz!

General Stats

  • This quiz has been taken 714 times
    (692 since last reset)
  • The average score is 31 of 48

Answer Stats

HintAnswer% Correct
I am thewalrus
96%
I am thewalrus
96%
I am thewalrus
96%
I am thewalrus
96%
I am theeggman
93%
I am theeggman
93%
I am theeggman
93%
I am theeggman
93%
As you are me and we areall together
86%
I'mcrying
82%
I'mcrying
82%
See how theyfly
82%
They are theeggmen
81%
They are theeggmen
81%
They are theeggmen
81%
They are theeggmen
81%
Stupid bloodytuesday
77%
Sitting on acornflake
76%
Man, you been anaughty boy
75%
You let your facegrow long
74%
See how they run likepigs from a gun
74%
See how they fly likelucy in the sky
73%
Dripping from adead dogs eye
70%
Boy you been a naughty girl, you let yourknickers down
70%
See how theyrun
68%
Yellow mattercustard
67%
I am he asyou are he
67%
Corporationt-shirt
63%
Waiting for thevan to come
61%
Pretty little policemenin a row
60%
Pornographicpriestess
59%
Sitting in anEnglish garden
57%
I'm cryingI'm crying
53%
Waiting forthe sun
53%
Don't you think thejoker laughs at you
50%
GoogooG Joob
43%
GoogooG Joob
43%
Goo gooG Joob
43%
GoogooG Joob
43%
If the sun don't come you get a tan fromstanding in the english rain
43%
Crabalockerfishwife
40%
Semolina pilchards climbing upthe Eiffel Tower
39%
Mister citypoliceman sitting
37%
See how they smile likepigs in a sty
31%
Expert textpertchoking smokers
30%
Man, you should have seen them kickingEdgar Allan Poe
29%
Elementary penguinsinging Hare Krishna
21%
See how theysnied
20%

Score Distribution

Percentile by Number Answered

Percent of People with Each Score

Your Score History

You have not taken this quiz since the last reset